|
|
|
|
| LEADER |
01148nam a2200289 a 4500 |
| 001 |
3055482 |
| 008 |
101106r20001999maua b 001 0 eng d |
| 010 |
|
|
|a 96054907
|
| 020 |
|
|
|a 0256230447
|
| 020 |
|
|
|a 0074636111
|
| 040 |
|
|
|a DLC
|c DLC
|d DLC
|d DB-DhAAL
|
| 082 |
0 |
0 |
|a 004.6
|2 21
|
| 100 |
1 |
|
|a Forouzan, Behrouz A.
|
| 245 |
1 |
0 |
|a Introduction to data communications and networking /
|c Behrouz Forouzan with Catherine Coombs and Sophia Chung Fegan.
|
| 246 |
3 |
0 |
|a Data communications and networking
|
| 260 |
|
|
|a Boston, Mass. ;
|a New Delhi :
|b Tata McGraw-Hill,
|c c1999 [reprinted 2000].
|
| 300 |
|
|
|a xix, 714 p. :
|b col. ill. ;
|c 24 cm.
|
| 504 |
|
|
|a Includes bibliographical references (p. 691-692) and index.
|
| 541 |
1 |
|
|e 00007785
|
| 650 |
|
0 |
|a Data transmission systems.
|
| 650 |
|
0 |
|a Computer networks.
|
| 700 |
1 |
|
|a Coombs, Catherine Ann.
|
| 700 |
1 |
|
|a Fegan, Sophia Chung.
|
| 852 |
4 |
|
|a Ayesha Abed Library
|j General Shelf.
|
| 942 |
0 |
0 |
|0 1
|
| 999 |
|
|
|c 10031
|d 10031
|
| 952 |
|
|
|0 0
|1 0
|2 ddc
|4 0
|6 004_600000000000000_FOR
|7 0
|9 13109
|a BRACUL
|b BRACUL
|c GEN
|d 2010-11-06
|l 30
|m 171
|o 004.6 FOR
|p 3010007785
|q 2026-06-02
|r 2026-03-28
|s 2026-03-28
|t 1
|w 2010-11-06
|y BK
|